[Event "ESP-chT CECLUB Div1"]
[Site "Linares"]
[Date "2021.09.12"]
[Round "5.3"]
[White "Rubio Mejia, Luis Ignacio"]
[Black "Buendia Pinar, Alvaro"]
[Result "1-0"]
[WhiteElo "2402"]
[BlackElo "2315"]
[PlyCount "143"]
[EventDate "2021.09.08"]
[EventType "team-tourn"]
[EventRounds "7"]
[EventCountry "ESP"]
[SourceTitle "CBM 204 Extra"]
[Source "ChessBase"]
[SourceDate "2021.11.30"]
[SourceVersion "1"]
[SourceVersionDate "2021.11.30"]
[SourceQuality "1"]
[WhiteTeam "Virgen de Atocha"]
[BlackTeam "Albacete Excalibur"]
[WhiteTeamCountry "ESP"]
[BlackTeamCountry "ESP"]

1. c4 Nf6 2. Nc3 e6 3. d4 d5 4. cxd5 exd5 5. Bg5 Be7 6. e3 a6 7. Qb3 c6 8. Nf3 a5 9. Bd3 h6 10. Bf4 Bd6 11. Ne5 Nh5 12. 0-0 0-0 13. Qc2 Qf6 14. Bh7+ Kh8 15. Nxf7+ Rxf7 16. Bxd6 Qxd6 17. Bg6 Rf8 18. Bxh5 Bf5 19. Qd1 Nd7 20. Rc1 Nf6 21. Bf3 Rae8 22. Na4 g5 23. Nc5 Re7 24. Nd3 Bxd3 25. Qxd3 g4 26. Be2 h5 27. Qf5 Nd7 28. Qc2 Nf6 29. Bd3 h4 30. Rce1 Ne4 31. Bxe4 dxe4 32. Rc1 Rf5 33. Qd1 Rg7 34. Qe2 h3 35. g3 Rgg5 36. Qc2 Qe6 37. Qc4 Rd5 38. Rc2 Qf7 39. Qe2 Rb5 40. b3 Kh7 41. Rc4 Kh6 42. Rfc1 Qf6 43. R1c2 Qf8 44. Kf1 Qf6 45. Ke1 Qf8 46. Kd1 Kh5 47. Kc1 Qa3+ 48. Rb2 Qe7 49. Kb1 Rgf5 50. Rbc2 Qa3 51. Rb2 Qf8 52. Qc2 Qe7 53. Qc3 Qf6 54. Qc2 Qe7 55. Qc3 Rbd5 56. Rc2 Qf8 57. Qe1 Rb5 58. Qe2 Rfd5 59. Rb2 Rf5 60. Rbc2 Qa3 61. Rb2 Kg5 62. Qc2 Qe7 63. Qe2 Rb4 64. Rbc2 a4 65. Rxb4 Qxb4 66. Qc4 Qf8 67. bxa4 Rd5 68. Qb3 Qe7 69. Rb2 Rf5 70. Qg8+ Kh5 71. Qh8+ Kg5 72. Qh4+ 1-0

[Event "ESP-ch rapid"]
[Site "Linares"]
[Date "2019.08.24"]
[Round "3"]
[White "Buendia Pinar, Alvaro"]
[Black "Cuenca Jimenez, Jose Fernando"]
[Result "1-0"]
[WhiteElo "2277"]
[BlackElo "2515"]
[PlyCount "107"]
[EventDate "2019.08.24"]
[EventType "swiss (rapid)"]
[EventRounds "9"]
[EventCountry "ESP"]
[SourceTitle "EXT 2020"]
[Source "ChessBase"]
[SourceDate "2019.10.17"]
[SourceVersion "1"]
[SourceVersionDate "2019.10.17"]
[SourceQuality "1"]

1. d4 Nf6 2. c4 g6 3. Nf3 Bg7 4. g3 0-0 5. Bg2 d6 6. 0-0 Nc6 7. Nc3 a6 8. Bf4 Rb8 9. Rc1 h6 10. Qd2 g5 11. Be3 Ng4 12. d5 Na5 13. Nd1 c5 14. dxc6 Nxc6 15. h3 Nxe3 16. Nxe3 e6 17. Rfd1 Qf6 18. b3 Rd8 19. h4 gxh4 20. Nxh4 h5 21. Bxc6 bxc6 22. Qa5 c5 23. Neg2 Bh6 24. e3 Bb7 25. Qc7 Qe5 26. b4 cxb4 27. c5 Bd5 28. f4 Qb2 29. cxd6 Bf8 30. d7 Ra8 31. f5 Qxa2 32. Qf4 Kh7 33. e4 Bh6 34. Qe5 Bxc1 35. exd5 Bb2 36. Qf4 Qb3 37. Rf1 Qxd5 38. Qg5 Rh8 39. Qxh5+ Kg7 40. Qg5+ Kf8 41. Ng6+ fxg6 42. fxe6+ Kg8 43. Qxg6+ Bg7 44. Qf7+ Kh7 45. Rf5 Qd1+ 46. Kh2 Raf8 47. Rh5+ Qxh5+ 48. Qxh5+ Kg8 49. Qxh8+ Bxh8 50. e7 Bf6 51. e8Q Kg7 52. Nf4 Rh8+ 53. Kg2 Rh6 54. Ne6+ 1-0

[Event "ESP-ch rapid"]
[Site "Linares"]
[Date "2019.08.24"]
[Round "4"]
[White "Diaz Camallonga, Carles"]
[Black "Buendia Pinar, Alvaro"]
[Result "1-0"]
[WhiteElo "2436"]
[BlackElo "2277"]
[PlyCount "123"]
[EventDate "2019.08.24"]
[EventType "swiss (rapid)"]
[EventRounds "9"]
[EventCountry "ESP"]
[SourceTitle "EXT 2020"]
[Source "ChessBase"]
[SourceDate "2019.10.17"]
[SourceVersion "1"]
[SourceVersionDate "2019.10.17"]
[SourceQuality "1"]

1. e4 c5 2. Nf3 d6 3. Bb5+ Bd7 4. Bxd7+ Qxd7 5. c4 Nc6 6. d4 cxd4 7. Nxd4 g6 8. Nc3 Bg7 9. Be3 Nf6 10. f3 0-0 11. 0-0 Rac8 12. Nde2 b6 13. Qd2 Rfd8 14. Rfd1 Qb7 15. b3 a6 16. a4 Nd7 17. Rab1 Nb4 18. Nd4 Nc6 19. Nd5 Re8 20. Nxc6 Qxc6 21. Nb4 Qa8 22. Qd5 Qa7 23. a5 Nc5 24. axb6 Qxb6 25. Qd2 Qb7 26. Nd5 Ne6 27. Rdc1 Nc7 28. Nb6 Rb8 29. b4 Bh6 30. Bxh6 Qxb6+ 31. Be3 Qb7 32. Qa2 Rec8 33. Qa5 Ne6 34. Qa3 h5 35. Qa2 Kh7 36. Qf2 Kg8 37. h4 Kh7 38. Qd2 Kg8 39. Kh2 Kh7 40. b5 axb5 41. cxb5 Rxc1 42. Qxc1 Rc8 43. Qd2 Nc5 44. Qa2 Kg8 45. Bd4 Ne6 46. Bf2 Nc5 47. Qd2 Rb8 48. Qc3 Rc8 49. Qe3 Rb8 50. e5 Qd7 51. exd6 exd6 52. Qe2 Ne6 53. b6 d5 54. Qe5 Rb7 55. Ra1 Qd8 56. Ra7 Qb8 57. Qxb8+ Rxb8 58. b7 Nd8 59. Ra8 Rxb7 60. Rxd8+ Kg7 61. Bd4+ f6 62. Rxd5 1-0

[Event "ESP-ch rapid"]
[Site "Linares"]
[Date "2019.08.24"]
[Round "6"]
[White "Represa Perez, Mireya"]
[Black "Buendia Pinar, Alvaro"]
[Result "0-1"]
[WhiteElo "2229"]
[BlackElo "2277"]
[PlyCount "44"]
[EventDate "2019.08.24"]
[EventType "swiss (rapid)"]
[EventRounds "9"]
[EventCountry "ESP"]
[SourceTitle "EXT 2020"]
[Source "ChessBase"]
[SourceDate "2019.10.17"]
[SourceVersion "1"]
[SourceVersionDate "2019.10.17"]
[SourceQuality "1"]

1. e4 c6 2. Nc3 d5 3. Nf3 Nf6 4. e5 Ne4 5. Ne2 Bg4 6. d4 h6 7. h3 Bxf3 8. gxf3 Ng5 9. Ng3 Ne6 10. f4 c5 11. c3 cxd4 12. cxd4 Nc6 13. Be3 Qa5+ 14. Qd2 Qxd2+ 15. Kxd2 Nexd4 16. Bxd4 Nxd4 17. Rc1 Nc6 18. Bb5 Rc8 19. Ne2 a6 20. Bxc6+ bxc6 21. Rc5 e6 22. Ra5 Bb4+ 0-1

[Event "ESP-chT CECLUB Div2"]
[Site "Linares"]
[Date "2019.08.23"]
[Round "7.6"]
[White "Martin Gonzalez, Angel"]
[Black "Buendia Pinar, Alvaro"]
[Result "1/2-1/2"]
[WhiteElo "2334"]
[BlackElo "2277"]
[PlyCount "209"]
[EventDate "2019.08.19"]
[EventType "team-swiss"]
[EventRounds "7"]
[EventCountry "ESP"]
[SourceTitle "EXT 2020"]
[Source "ChessBase"]
[SourceDate "2019.10.17"]
[SourceVersion "1"]
[SourceVersionDate "2019.10.17"]
[SourceQuality "1"]
[WhiteTeam "Barcelona CE"]
[BlackTeam "Albacete Excalibur"]
[WhiteTeamCountry "ESP"]
[BlackTeamCountry "ESP"]

1. e4 c6 2. d4 d5 3. exd5 cxd5 4. c4 Nf6 5. Nc3 g6 6. Qb3 Bg7 7. cxd5 0-0 8. Be2 Nbd7 9. Bf3 Nb6 10. Bg5 h6 11. Bxf6 Bxf6 12. Nge2 Bf5 13. Rd1 Rc8 14. 0-0 Nc4 15. Ng3 Na5 16. Qb5 Rc4 17. d6 a6 18. dxe7 Bxe7 19. Qd5 Be6 20. Qxd8 Rxd8 21. d5 Bc8 22. Be2 Rb4 23. b3 Kg7 24. Rd3 h5 25. Rfd1 Bd6 26. Bf3 b5 27. Nce4 Be5 28. Nc5 Nb7 29. Nxa6 Rh4 30. Rc1 Bd7 31. b4 Rc4 32. Rdd1 Rdc8 33. Ne2 Bd6 34. Rxc4 bxc4 35. Nc3 Ra8 36. Nc7 Ra3 37. N7b5 Bxb5 38. Nxb5 Rxa2 39. Nxd6 Nxd6 40. Rb1 Kf6 41. Kf1 Ke5 42. b5 c3 43. b6 c2 44. Rc1 Kd4 45. Ke1 Kc3 46. Bd1 Kb3 47. Be2 Kb2 48. b7 Nxb7 49. Kd2 Kb3 50. Bd3 Nc5 51. Rxc2 Rxc2+ 52. Bxc2+ Kc4 53. d6 Kd5 54. d7 Nxd7 55. Bb3+ Kd6 56. Bxf7 Ne5 57. Bb3 Ke7 58. h4 Kf6 59. g3 Nf3+ 60. Ke3 Ne5 61. Kf4 Nd3+ 62. Ke3 Ne5 63. Ke4 Ng4 64. f3 Nh6 65. Kf4 Nf5 66. Bc2 Nd4 67. Bd3 Ne6+ 68. Ke3 Ng7 69. Bb5 Nf5+ 70. Kf4 Nd6 71. Bd7 Nf7 72. Be8 Nd6 73. Bc6 Nf7 74. Bd5 Nd6 75. Bc6 Nf7 76. Bd7 Ne5 77. Bh3 Nf7 78. Bf1 Ne5 79. Be2 Nf7 80. Bc4 Nd6 81. Bd5 Nf5 82. Be4 Nd4 83. Ke3 Ne6 84. f4 Ng7 85. Bb7 Nf5+ 86. Kf3 Nd4+ 87. Ke4 Nf5 88. Kf3 Nd4+ 89. Kf2 Nf5 90. Bc8 Nd6 91. Bd7 Ne4+ 92. Kf3 Nd6 93. Bh3 Nf7 94. Ke4 Nd6+ 95. Ke3 Nf7 96. Bg2 Nd6 97. Be4 Nf7 98. Bc2 Nd6 99. Bd3 Nf7 100. f5 gxf5 101. Kf4 Nd6 102. Bc2 Ne4 103. Bxe4 fxe4 104. Kxe4 Ke6 105. Kf4 1/2-1/2

[Event "Ciudad Real-ch Men and Seniors"]
[Site "Ciudad Real"]
[Date "2019.07.06"]
[Round "5.1"]
[White "Buendia Pinar, Alvaro"]
[Black "Gonzalez Lema, Carlos"]
[Result "1/2-1/2"]
[WhiteElo "2273"]
[BlackElo "1961"]
[PlyCount "98"]
[EventDate "2019.07.04"]
[EventType "swiss"]
[EventRounds "7"]
[EventCountry "ESP"]
[SourceTitle "EXT 2024"]
[Source "ChessBase"]
[SourceDate "2023.10.10"]
[SourceVersion "1"]
[SourceVersionDate "2023.10.10"]
[SourceQuality "1"]

1. d4 d5 2. c4 e6 3. Nc3 Nf6 4. Nf3 Be7 5. Bg5 0-0 6. e3 c5 7. cxd5 exd5 8. dxc5 Nc6 9. Be2 Be6 10. 0-0 Bxc5 11. Rc1 Be7 12. Nd4 Rc8 13. a3 a6 14. Nxc6 Rxc6 15. Bf3 Qa5 16. Qe1 Rd6 17. Bf4 Rd7 18. Be5 Re8 19. Bxf6 Bxf6 20. Ne4 Qd8 21. Nxf6+ Qxf6 22. Qc3 Qg5 23. Qd4 Rd6 24. Rfd1 Red8 25. Rc7 R6d7 26. Rxd7 Rxd7 27. Rc1 Qd8 28. h3 h6 29. b4 Rd6 30. Rd1 Rd7 31. Bg4 Qc7 32. Qd2 Bxg4 33. hxg4 Qe5 34. Qd4 Qg5 35. Qc5 Kh7 36. Rd4 Qe5 37. Qc2+ g6 38. Qd1 f5 39. g3 fxg4 40. Qxg4 Rf7 41. Qd1 Rf5 42. Qd3 Qe6 43. e4 dxe4 44. Rxe4 Re5 45. Rd4 Rf5 46. Rd7+ Rf7 47. Rxf7+ Qxf7 48. Qe4 Qd7 49. Kh2 Kg7 1/2-1/2

[Event "Ciudad Real-ch Men and Seniors"]
[Site "Ciudad Real"]
[Date "2019.07.05"]
[Round "3.1"]
[White "Buendia Pinar, Alvaro"]
[Black "Ramirez Diaz, Jose Ramon"]
[Result "1/2-1/2"]
[WhiteElo "2273"]
[BlackElo "2186"]
[PlyCount "55"]
[EventDate "2019.07.04"]
[EventType "swiss"]
[EventRounds "7"]
[EventCountry "ESP"]
[SourceTitle "EXT 2024"]
[Source "ChessBase"]
[SourceDate "2023.10.10"]
[SourceVersion "1"]
[SourceVersionDate "2023.10.10"]
[SourceQuality "1"]

1. e4 d6 2. Nf3 e5 3. c3 Nf6 4. h3 Be7 5. Qc2 0-0 6. Be2 Re8 7. 0-0 Nbd7 8. d4 c6 9. dxe5 dxe5 10. Bc4 h6 11. Rd1 Qc7 12. Nbd2 Nc5 13. b4 Ne6 14. Nf1 b5 15. Bb3 a5 16. bxa5 Nc5 17. Ng3 Rxa5 18. Bd2 Nxb3 19. axb3 Rxa1 20. Rxa1 Bc5 21. Nf1 Be6 22. Be3 Nd7 23. b4 Bb6 24. Bxb6 Nxb6 25. Ne3 f6 26. Nh4 Rd8 27. Nhf5 Kh7 28. h4 1/2-1/2

[Event "Ciudad Real-ch Men and Seniors"]
[Site "Ciudad Real"]
[Date "2019.07.05"]
[Round "2.2"]
[White "Delgado Alarcon, Jesus Francisco"]
[Black "Buendia Pinar, Alvaro"]
[Result "0-1"]
[WhiteElo "2082"]
[BlackElo "2273"]
[PlyCount "102"]
[EventDate "2019.07.04"]
[EventType "swiss"]
[EventRounds "7"]
[EventCountry "ESP"]
[SourceTitle "EXT 2024"]
[Source "ChessBase"]
[SourceDate "2023.10.10"]
[SourceVersion "1"]
[SourceVersionDate "2023.10.10"]
[SourceQuality "1"]

1. d4 d5 2. f4 Nf6 3. Nf3 h6 4. e3 Bf5 5. Bd3 Bxd3 6. Qxd3 a6 7. Nbd2 Nbd7 8. e4 dxe4 9. Nxe4 e6 10. 0-0 Be7 11. Ng3 g6 12. Ne5 Rg8 13. Qb3 Nb6 14. Be3 h5 15. Rad1 h4 16. Ne2 h3 17. c4 hxg2 18. Rf2 a5 19. Rxg2 a4 20. Qd3 c6 21. Nc3 Qc7 22. Rc1 Rd8 23. Qe2 a3 24. b3 Bb4 25. Bf2 Rh8 26. Qd3 Nc8 27. Rxg6 Nh5 28. Rg4 Nxf4 29. Rxf4 Qxe5 30. Qg3 Qh5 31. Ne4 Be7 32. Kh1 Nd6 33. c5 Nxe4 34. Rxe4 Kd7 35. Rg4 Qh7 36. Rg1 Qc2 37. Rg7 Qe4+ 38. Rg2 Rdf8 39. Bg1 Qd5 40. Qe5 Rh5 41. Qxd5+ Rxd5 42. Rf2 Rxd4 43. Rfxf7 Rxf7 44. Rxf7 Rd1 45. Kg2 Rd2+ 46. Rf2 Rb2 47. Kh1 Bxc5 48. Rf7+ Kd6 49. Rxb7 Rxa2 50. Bxc5+ Kxc5 51. h4 Rb2 0-1

[Event "Alicante Universitario-ch"]
[Site "Alicante"]
[Date "2019.04.10"]
[Round "8.6"]
[White "Buendia Pinar, Alvaro"]
[Black "Ruperez Benito, Antonio"]
[Result "1-0"]
[WhiteElo "2256"]
[BlackElo "2341"]
[PlyCount "65"]
[EventDate "2019.04.09"]
[EventType "swiss"]
[EventRounds "9"]
[EventCountry "ESP"]
[SourceTitle "CBM 190 Extra"]
[Source "ChessBase"]
[SourceDate "2019.07.15"]
[SourceVersion "1"]
[SourceVersionDate "2019.07.15"]
[SourceQuality "1"]

1. d4 e6 2. c4 d5 3. Nc3 Nf6 4. Nf3 Be7 5. Bg5 0-0 6. e3 h6 7. Bh4 Ne4 8. Bxe7 Qxe7 9. Bd3 Nxc3 10. bxc3 dxc4 11. Bxc4 c5 12. 0-0 b6 13. Ne5 Nd7 14. f4 Bb7 15. Qe2 Rac8 16. Bd3 Nf6 17. f5 cxd4 18. fxe6 Qxe6 19. cxd4 Rc7 20. Rad1 Ne4 21. Qh5 f6 22. Ng6 Rff7 23. Nf4 Qxa2 24. d5 Nc3 25. Qg6 Bxd5 26. Qh7+ Kf8 27. Bb1 Qa3 28. Qh8+ Ke7 29. Nxd5+ Nxd5 30. Rxd5 Qxe3+ 31. Kh1 Ke6 32. Ba2 Qe2 33. Rd2+ 1-0

[Event "ESP-ch rapid"]
[Site "Linares"]
[Date "2018.08.19"]
[Round "4"]
[White "Buendia Pinar, Alvaro"]
[Black "Arjol Lopez, Daniel"]
[Result "1-0"]
[WhiteElo "2278"]
[BlackElo "2137"]
[PlyCount "85"]
[EventDate "2018.08.19"]
[EventType "swiss (rapid)"]
[EventRounds "9"]
[EventCountry "ESP"]
[SourceTitle "CBM 186 Extra"]
[Source "ChessBase"]
[SourceDate "2018.08.24"]
[SourceVersion "1"]
[SourceVersionDate "2018.08.24"]
[SourceQuality "1"]

1. d4 Nf6 2. Nf3 e6 3. g3 c5 4. Bg2 d5 5. 0-0 Nc6 6. b3 cxd4 7. Nxd4 Bc5 8. Bb2 Qb6 9. e3 Nxd4 10. exd4 Bb4 11. c3 Be7 12. Nd2 Bd7 13. c4 0-0 14. c5 Qa6 15. a4 b6 16. b4 Rfb8 17. b5 Bxb5 18. axb5 Qxb5 19. Ba3 bxc5 20. Bxc5 Bxc5 21. dxc5 Qxc5 22. Qc1 Qxc1 23. Rfxc1 Rb2 24. Rxa7 Rab8 25. Nf1 d4 26. Rcc7 d3 27. Rxf7 d2 28. Rxg7+ Kh8 29. Bf3 Rb1 30. Rgf7 Nd5 31. Rxh7+ Kg8 32. Rag7+ Kf8 33. Ra7 Kg8 34. Bg4 Re8 35. Kg2 Nf6 36. Rhg7+ Kh8 37. Ne3 Re1 38. Bf3 e5 39. Rgf7 e4 40. Bd1 Re6 41. Bb3 Rxe3 42. fxe3 Nd7 43. Raxd7 1-0

[Event "ESP-ch rapid"]
[Site "Linares"]
[Date "2018.08.19"]
[Round "6"]
[White "Buendia Pinar, Alvaro"]
[Black "Fernandez Garcia, Jose Miguel"]
[Result "1-0"]
[WhiteElo "2278"]
[BlackElo "2404"]
[PlyCount "87"]
[EventDate "2018.08.19"]
[EventType "swiss (rapid)"]
[EventRounds "9"]
[EventCountry "ESP"]
[SourceTitle "CBM 186 Extra"]
[Source "ChessBase"]
[SourceDate "2018.08.24"]
[SourceVersion "1"]
[SourceVersionDate "2018.08.24"]
[SourceQuality "1"]

1. d4 d5 2. c4 e5 3. dxe5 d4 4. Nf3 Nc6 5. a3 Nge7 6. b4 Ng6 7. Bb2 a5 8. b5 Ncxe5 9. Nxe5 Nxe5 10. Qxd4 Qxd4 11. Bxd4 Nxc4 12. e3 Be6 13. Be2 a4 14. 0-0 f6 15. Rc1 Na5 16. Nd2 Bd6 17. Bd1 Nb3 18. Nxb3 axb3 19. Rcb1 Rxa3 20. Rxa3 Bxa3 21. Bxb3 Bxb3 22. Rxb3 Bd6 23. Rb1 Kd7 24. Ra1 Ke6 25. e4 Be5 26. Bxe5 Kxe5 27. Rc1 Rc8 28. f3 Kd4 29. Kf2 Kd3 30. Rd1+ Kc4 31. Rb1 Kc5 32. Ke3 Ra8 33. f4 Ra3+ 34. Ke2 Ra5 35. Rc1+ Kb6 36. Rd1 Rxb5 37. Rd7 Rb2+ 38. Kf3 Kc6 39. Rxg7 b5 40. Rf7 b4 41. Rxf6+ Kc5 42. Rf7 Kb6 43. Rf8 Rb1 44. e5 1-0

[Event "ESP-ch rapid"]
[Site "Linares"]
[Date "2018.08.19"]
[Round "9"]
[White "Huerga Leache, Mikel"]
[Black "Buendia Pinar, Alvaro"]
[Result "0-1"]
[WhiteElo "2451"]
[BlackElo "2278"]
[PlyCount "44"]
[EventDate "2018.08.19"]
[EventType "swiss (rapid)"]
[EventRounds "9"]
[EventCountry "ESP"]
[SourceTitle "CBM 186 Extra"]
[Source "ChessBase"]
[SourceDate "2018.08.24"]
[SourceVersion "1"]
[SourceVersionDate "2018.08.24"]
[SourceQuality "1"]

1. Nf3 Nf6 2. c4 e6 3. g3 d5 4. Bg2 Be7 5. 0-0 0-0 6. b3 d4 7. Bb2 c5 8. e3 Nc6 9. exd4 cxd4 10. Re1 Re8 11. Ne5 Nxe5 12. Rxe5 Bd6 13. Re1 e5 14. d3 Bb4 15. Nd2 Bg4 16. Qc2 Qa5 17. Bc1 Bc3 18. Rb1 e4 19. Bxe4 Nxe4 20. Rxe4 f5 21. Rxe8+ Rxe8 22. Nf1 Re2 0-1

[Event "ESP-chT CECLUB Div2"]
[Site "Linares"]
[Date "2018.08.18"]
[Round "7.4"]
[White "Carrasco Martinez, Juan Manuel"]
[Black "Buendia Pinar, Alvaro"]
[Result "1-0"]
[WhiteElo "2373"]
[BlackElo "2278"]
[PlyCount "53"]
[EventDate "2018.08.14"]
[EventType "team-swiss"]
[EventRounds "7"]
[EventCountry "ESP"]
[SourceTitle "CBM 186 Extra"]
[Source "ChessBase"]
[SourceDate "2018.08.24"]
[SourceVersion "1"]
[SourceVersionDate "2018.08.24"]
[SourceQuality "1"]
[WhiteTeam "Casareno iAcere"]
[BlackTeam "Albacete Excalibur"]
[WhiteTeamCountry "ESP"]
[BlackTeamCountry "ESP"]

1. e4 c6 2. d4 d5 3. e5 c5 4. dxc5 e6 5. a3 Bxc5 6. b4 Bb6 7. Nf3 Ne7 8. Bb2 Nbc6 9. Bd3 Ng6 10. 0-0 Nf4 11. c4 Nxd3 12. Qxd3 dxc4 13. Qxc4 0-0 14. Nbd2 Ne7 15. Qg4 Nf5 16. Ne4 Kh8 17. Rad1 Qe7 18. Qh5 Bd8 19. Nfg5 Nh6 20. Nf6 Qc7 21. Ngxh7 Bxf6 22. exf6 Kxh7 23. fxg7 Rg8 24. Bc1 Rxg7 25. Qxh6+ Kg8 26. Bb2 Rh7 27. Qg5+ 1-0

[Event "ESP-chT CECLUB Div2"]
[Site "Linares"]
[Date "2018.08.17"]
[Round "6.5"]
[White "Buendia Pinar, Alvaro"]
[Black "Martin Rueda, Daniel"]
[Result "0-1"]
[WhiteElo "2278"]
[BlackElo "2267"]
[PlyCount "88"]
[EventDate "2018.08.14"]
[EventType "team-swiss"]
[EventRounds "7"]
[EventCountry "ESP"]
[SourceTitle "CBM 186 Extra"]
[Source "ChessBase"]
[SourceDate "2018.08.24"]
[SourceVersion "1"]
[SourceVersionDate "2018.08.24"]
[SourceQuality "1"]
[WhiteTeam "Albacete Excalibur"]
[BlackTeam "Liberty Chess"]
[WhiteTeamCountry "ESP"]
[BlackTeamCountry "ESP"]

1. d4 d5 2. c4 c6 3. Nf3 Nf6 4. Nc3 dxc4 5. a4 Bf5 6. e3 e6 7. Bxc4 Bb4 8. 0-0 0-0 9. Qe2 Bg6 10. Ne5 Nbd7 11. Nxg6 hxg6 12. Rd1 Qa5 13. Bd2 Rad8 14. Bb3 e5 15. dxe5 Qxe5 16. Be1 Bd6 17. g3 g5 18. f4 gxf4 19. gxf4 Qe7 20. Bf2 Rfe8 21. Qf3 Bb4 22. Bc2 Nc5 23. Kh1 Bxc3 24. bxc3 Nfe4 25. Be1 f5 26. Rd4 Rd6 27. Qh3 Qf7 28. Rxd6 Nxd6 29. Rd1 Re6 30. Bb1 Rh6 31. Qg2 Qh5 32. Rd4 Rg6 33. Bg3 Nce4 34. Bxe4 Nxe4 35. Kg1 Nxc3 36. Rd2 Re6 37. Rd7 Nd5 38. Qb2 Qg6 39. Qxb7 Rxe3 40. Kf2 Qg4 41. Rd8+ Kh7 42. Qc8 Qe2+ 43. Kg1 Qd1+ 44. Kg2 Nxf4+ 0-1

[Event "ESP-chT CECLUB Div2"]
[Site "Linares"]
[Date "2018.08.15"]
[Round "2.7"]
[White "Buendia Pinar, Alvaro"]
[Black "Gallardo Fernandez, Cesar"]
[Result "1-0"]
[WhiteElo "2278"]
[BlackElo "2184"]
[PlyCount "123"]
[EventDate "2018.08.14"]
[EventType "team-swiss"]
[EventRounds "7"]
[EventCountry "ESP"]
[SourceTitle "CBM 186 Extra"]
[Source "ChessBase"]
[SourceDate "2018.08.24"]
[SourceVersion "1"]
[SourceVersionDate "2018.08.24"]
[SourceQuality "1"]
[WhiteTeam "Albacete Excalibur"]
[BlackTeam "Oromana Broncesval"]
[WhiteTeamCountry "ESP"]
[BlackTeamCountry "ESP"]

1. d4 Nf6 2. Nf3 e6 3. g3 c5 4. c3 b6 5. Bg2 Bb7 6. 0-0 Nc6 7. Re1 d5 8. Nbd2 cxd4 9. Nxd4 Be7 10. N2f3 0-0 11. Nxc6 Bxc6 12. Ne5 Bb7 13. Qa4 Qc7 14. Nd3 e5 15. Bg5 h6 16. Bxf6 Bxf6 17. Nb4 Rfd8 18. Rad1 e4 19. Nc2 Bc6 20. Qa6 Bb7 21. Qa3 Qc5 22. Qb3 Rac8 23. Nd4 Ba6 24. Qa4 Qc4 25. Qxc4 Rxc4 26. Nf5 Bb7 27. Rd2 Bg5 28. e3 g6 29. Nd4 Be7 30. Red1 a6 31. Ne2 g5 32. Bh3 b5 33. a3 a5 34. Nd4 b4 35. cxb4 axb4 36. Nf5 Bf8 37. Bf1 Rc7 38. axb4 Bxb4 39. Rd4 Bf8 40. Rxe4 Ra8 41. Red4 Rc2 42. R4d2 Rxd2 43. Rxd2 Ra1 44. g4 Ba6 45. Ng3 Bd6 46. Kg2 Bxg3 47. Bxa6 Bxf2 48. Kxf2 Rxa6 49. Rxd5 Ra1 50. Rd2 Rh1 51. Kf3 Rf1+ 52. Ke4 Rg1 53. h3 Rh1 54. b4 Rxh3 55. Rg2 f5+ 56. Kxf5 Rxe3 57. Rb2 Kf7 58. b5 Ra3 59. b6 Ra5+ 60. Ke4 Ra8 61. b7 Rb8 62. Kf5 1-0